Петрографические, минералогические, геохимические и структурные критерии золотого оруденения Урало-Васильевского рудного поля (заключительный отчет): Отчет о НИР

Dettagli Bibliografici
Ente Autore: Томский политехнический институт
Altri autori: Сазонов А. М. Анатолий Максимович (научный руководитель), Ильенок С. С.
Lingua:russo
Pubblicazione: Томск, Изд-во ТПИ, 1980
Soggetti:
Natura: Libro
KOHA link:https://koha.lib.tpu.ru/cgi-bin/koha/opac-detail.pl?biblionumber=107088

MARC

LEADER 00000nbm0a2200000 4500
001 107088
005 20231031115150.0
035 |a (RuTPU)RU\TPU\book\115628 
090 |a 107088 
100 |a 20061218d1980 k y0rusy50 ca 
101 0 |a rus 
102 |a RU 
105 |a a p 001zy 
200 1 |a Петрографические, минералогические, геохимические и структурные критерии золотого оруденения Урало-Васильевского рудного поля (заключительный отчет)  |e Отчет о НИР  |f Томский политехнический институт; отв. исп.: А. М. Сазонов; науч. рук.: С. С. Ильенок 
210 |a Томск  |c Изд-во ТПИ  |d 1980 
215 |a 328 л.  |c вкл. 
229 |a Тема: 1.18, х/д 2-57/77 
320 |a Библиогр.: с. 318-328. 
610 1 |a геология 
610 1 |a золото 
610 1 |a оруденение 
610 1 |a петрография 
610 1 |a Урало-Васильевское поле 
610 1 |a минералогия 
610 1 |a геохимия 
610 1 |a структурные критерии 
610 1 |a отчеты о НИР 
675 |a 553.41/04  |v 3 
702 1 |a Сазонов  |b А. М.  |g Анатолий Максимович  |4 590 
702 1 |a Ильенок  |b С. С.  |4 727 
712 0 2 |a Томский политехнический институт  |z 1944-1991  |2 stltpush  |3 (RuTPU)RU\TPU\col\1123 
801 1 |a RU  |b 63413507  |c 20061218  |g PSBO 
801 2 |a RU  |b 63413507  |c 20190130  |g PSBO 
942 |c BK